| 000 | 00601nam a2200193Ia 4500 | ||
|---|---|---|---|
| 003 | OSt | ||
| 005 | 20240123094618.0 | ||
| 008 | 210210b1925 xxu||||| |||| 00| 0 eng d | ||
| 040 | _cAL | ||
| 041 | _aKannada | ||
| 082 | _a852/53 | ||
| 100 |
_aALASINGACHARYA ಅಳಸಿಂಗಾಚಾರ್ಯ _9148767 |
||
| 245 |
_aShri Ramakrashna Vachanamrata: Dvitiya bhaga _bಶ್ರೀ ರಾಮಕೃಷ್ಣ ವಚನಾಮೃತ : ದ್ವಿತೀಯ ಭಾಗ |
||
| 260 |
_aBengaluru _b- _c1925 |
||
| 440 |
_a2 _9148768 |
||
| 690 |
_aKannada Prose _9148769 |
||
| 906 | _a018623 | ||
| 942 |
_2ddc _cBK |
||
| 999 |
_c142132 _d142132 |
||